Das Neue Testament, oder, die neuesten Belehrungen Gottes durch Jesum und seine Apostel Zwote Abtheilung

Bibliographic Details
Main Author: Bahrdt, Carl Friedrich, 1741-1792 (Author)
Corporate Author: Mylius, August (Berlín, Nemecko) (Printer)
Format: Book
Language:German
PhysicalDescription:[3], s. 510-980 21 cm
Published: Berlin bei August Mylius 1783
Edition:Dritte Auflage
Subjects:

MARC

LEADER 00000cam a2200000 a 4500
001 vtls001160041
003 SK-MaSNL
005 20260301094515.0
008 251112s1783 gw ger
015 |a SNBHFA1783 
020 |q (viaz.) 
035 |a SNK000102948 
035 |a urn:nbn:sk:snk-am3huh0 
035 |a 0BFF9010-2E24-4874-A461-B18C2D83A330 
035 |a urn:nbn:sk:snk-am00csw1 
040 |a SNKHF  |b slo  |c SNK  |e AACR2 
041 0 |a ger 
044 |a gw  |c DE 
072 7 |a 22  |x Biblia  |2 konspekt 
080 |a 27-23  |2 2011 
080 |a 27-246  |2 2011 
100 1 |a Bahrdt, Carl Friedrich,  |d 1741-1792  |4 aut  |9 274927 
245 1 4 |a Das Neue Testament, oder, die neuesten Belehrungen Gottes durch Jesum und seine Apostel  |n Zwote Abtheilung  |c Verdeutsch und mit Anmerkungen versehn durch D. Carl Friedrich Bahrdt 
246 3 4 |a Die neuesten Belehrungen Gottes durch Jesum und seine Apostel 
250 |a Dritte Auflage 
260 |a Berlin  |b bei August Mylius  |c 1783 
300 |a [3], s. 510-980  |c 21 cm 
504 |a Vysvetlivky pod textom 
561 |a Z knižnice Učenej spoločnosti malohontskej.  |5 SNK IC 143460 
630 0 7 |a Biblia  |p Nový zákon  |2 SNKPH 
710 0 |a Mylius, August (Berlín, Nemecko),  |d 1763-1846  |4 prt  |9 357420 
710 2 |a Učená spoločnosť malohontská  |4 fmo  |9 205374 
752 |a Nemecko  |d Berlín 
852 |a snk  |b Historické fondy  |p IC 143460 
958 |a ONDV 
999 |c 680461  |d 682391 
952 |t MHC II.A.d.107  |a SNK  |b SNK  |c SNK_HF  |y PREZ  |7 0  |p 17A1130775  |o snkIC 143460  |i snk2017/17833  |8 5  |0 0  |1 0  |4 0  |d 2017-08-03  |f 1  |l 0  |r 2026-02-23 19:55:15  |w 2026-02-23